Statistics for Number-ones of the 1950s

Click here to take the quiz!

General Stats

  • This quiz has been taken 157 times
    (155 since last reset)
  • The average score is 22 of 94

Answer Stats

YearTitleArtist% Correct
1957All Shook UpElvis Presley
92%
1959A Fool Such As IElvis Presley
92%
1958Jailhouse RockElvis Presley
92%
1959One NightElvis Presley
92%
1958Great Balls Of FireJerry Lee Lewis
73%
1959It Doesn't Matter AnymoreBuddy Holly
71%
1954Three Coins In The FountainFrank Sinatra
69%
1956Memories Are Made Of ThisDean Martin
62%
1955Rock Around The ClockBill Haley and His Comets
61%
1959Mack The KnifeBobby Darin
60%
1959Dream LoverBobby Darin
60%
1956Whatever Will Be, Will BeDoris Day
57%
1954Secret LoveDoris Day
57%
1958All I Have To Do Is DreamEverly Brothers
57%
1958Who's Sorry NowConnie Francis
41%
1958Stupid CupidConnie Francis
41%
1953Don't Let The Stars Get In Your EyesPerry Como
40%
1958Magic MomentsPerry Como
40%
1957DianaPaul Anka
36%
1955Mambo ItalianoRosemary Clooney
35%
1954This Ole HouseRosemary Clooney
35%
1953Answer Me [2]Frankie Laine
34%
1953Hey Joe!Frankie Laine
34%
1956A Woman In LoveFrankie Laine
34%
1953I BelieveFrankie Laine
34%
1957That'll Be The DayCrickets
30%
1956Why Do Fools Fall In LoveFrankie Lymon And The Teenagers
28%
1957ButterflyAndy Williams
27%
1959Smoke Gets In Your EyesPlatters
26%
1959Living DollCliff Richard and the Shadows
25%
1959Travellin' LightCliff Richard and the Shadows
25%
1955Give Me Your Word"Tennessee" Ernie Ford
25%
1956Sixteen Tons"Tennessee" Ernie Ford
25%
1952Here In My HeartAl Martino
23%
1957Singing The Blues [1]Guy Mitchell
22%
1953Look At That GirlGuy Mitchell
22%
1957Rock-A-BillyGuy Mitchell
22%
1953She Wears Red FeathersGuy Mitchell
22%
1955Stranger In ParadiseTony Bennett
22%
1953I'm Walking Behind YouEddie Fisher
18%
1953Outside Of HeavenEddie Fisher
18%
1957Puttin' On The StyleLonnie Donegan
17%
1957Cumberland GapLonnie Donegan
17%
1957Young LoveTab Hunter
17%
1956I'll Be HomePat Boone
16%
1958It's Only Make BelieveConway Twitty
15%
1957Mary's Boy ChildHarry Belafonte
15%
1955The Man From LaramieJimmy Young
15%
1955Unchained MelodyJimmy Young
15%
1957Yes Tonight, JosephineJohnnie Ray
15%
1954Such A NightJohnnie Ray
15%
1956Just Walking In The RainJohnnie Ray
15%
1956Rock And Roll WaltzKay Starr
15%
1953Comes-A-Long A-LoveKay Starr
15%
1953You Belong To MeJo Stafford
14%
1957Singing The Blues [2]Tommy Steele
12%
1956Lay Down Your ArmsAnne Shelton
10%
1955Cherry Pink And Apple Blossom WhitePérez Prado
9%
1953Broken WingsStargazers
9%
1954I See The MoonStargazers
9%
1958It's All In The GameTommy Edwards
8%
1956It's Almost TomorrowDreamweavers
7%
1955Cherry Pink And Apple Blossom WhiteEddie Calvert
7%
1954Oh Mein PapaEddie Calvert
7%
1957The Garden Of EdenFrankie Vaughan
7%
1954Little Things Mean A LotKitty Kallen
7%
1959RouletteRuss Conway
6%
1959Side SaddleRuss Conway
6%
1955Rose MarieSlim Whitman
6%
1958On The Street Where You LiveVic Damone
6%
1959What Do You Want?Adam Faith
5%
1955DreamboatAlma Cogan
5%
1953Answer Me [1]David Whitfield
5%
1954Cara MiaDavid Whitfield
5%
1955Christmas AlphabetDickie Valentine
5%
1955The Finger Of SuspicionDickie Valentine
5%
1953How Much Is That Doggie In The WindowLita Roza
5%
1958Hoots MonLord Rockingham's XI
5%
1958The Story Of My LifeMichael Holliday
5%
1954My Son, My SonVera Lynn
5%
1954Let's Have Another PartyWinifred Atwell
5%
1956The Poor People Of ParisWinifred Atwell
5%
1959What Do You Want To Make Those Eyes At Me For?Emile Ford
4%
1953Song From Moulin RougeMantovani
4%
1955Softly, SoftlyRuby Murray
4%
1954Hold My HandDon Cornell
3%
1958WhenKalin Twins
3%
1958Whole Lotta WomanMarvin Rainwater
3%
1959Only SixteenCraig Douglas
2%
1959Here Comes SummerJerry Keller
2%
1955Hernando's HideawayJohnston Brothers
2%
1956No Other LoveRonnie Hilton
1%
1959As I Love YouShirley Bassey
1%
1959The Day The Rains CameJane Morgan
0%

Score Distribution

Percentile by Number Answered

Percent of People with Each Score

Your Score History

You have not taken this quiz since the last reset